[Event "Olavarria op"]
[Site "Olavarria"]
[Date "2019.03.25"]
[Round "4"]
[White "Martinez, Emiliano"]
[Black "Biarlo, Jesica Vanina"]
[Result "0-1"]
[WhiteElo "1378"]
[BlackElo "1536"]
[PlyCount "131"]
[EventDate "2019.03.11"]
[EventType "swiss"]
[EventRounds "9"]
[EventCountry "ARG"]
[SourceTitle "CBM 190 Extra"]
[Source "ChessBase"]
[SourceDate "2019.07.15"]
[SourceVersion "1"]
[SourceVersionDate "2019.07.15"]
[SourceQuality "1"]

1. c4 g6 2. Nc3 Bg7 3. g3 Nf6 4. Bg2 c6 5. e3 0-0 6. d4 d5 7. Qb3 e6 8. Nf3 Nbd7 9. cxd5 exd5 10. 0-0 Nb6 11. Bd2 Re8 12. Na4 Nxa4 13. Qxa4 Qb6 14. Ba5 Qa6 15. Qa3 Bf8 16. Bb4 Qxa3 17. bxa3 Nd7 18. Rfc1 f6 19. Rab1 Nb6 20. Nd2 Bf5 21. Rb3 Bxb4 22. axb4 a6 23. a4 Nxa4 24. f3 Nb6 25. Nb1 Nc4 26. e4 Be6 27. exd5 Bxd5 28. Rbc3 Ne3 29. Bh1 Nf5 30. Rd3 Re7 31. Nc3 Rd8 32. Kf2 Bc4 33. Rd2 Rxd4 34. Rxd4 Nxd4 35. Ne4 Bb5 36. Nxf6+ Kf7 37. Ne4 Bd3 38. Ke3 Bxe4 39. fxe4 Nb5 40. Bf3 Nd6 41. Kd4 Kf6 42. Rc5 Nb5+ 43. Ke3 Re5 44. Kd3 Rxc5 45. bxc5 Ke5 46. Kc4 Nc7 47. Kd3 Ne6 48. Kc4 h5 49. h4 a5 50. Bg2 a4 51. Bh3 a3 52. Kb3 Nxc5+ 53. Kxa3 Nxe4 54. g4 hxg4 55. Bxg4 Nd6 56. Kb4 Kd4 57. h5 gxh5 58. Bxh5 b5 59. Bg6 c5+ 60. Ka3 Kc3 61. Ka2 b4 62. Kb1 b3 63. Bc2 bxc2+ 64. Kc1 Kb3 65. Kd2 Kb2 66. Kd3 0-1